|
|
|
|
| LEADER |
00816nam a2200265 4500 |
| 001 |
DLU090099608 |
| 005 |
##20091202 |
| 040 |
# |
# |
|a DLU
|b vie
|
| 041 |
# |
# |
|a vie
|
| 044 |
# |
# |
|a vn
|
| 100 |
# |
# |
|a Lê Thị Đức Hạnh,
|c PGS.
|
| 245 |
# |
# |
|a Nguyễn Thị Ngọc Tú, một nhà văn nữ có tâm huyết /
|c Lê Thị Đức Hạnh.
|
| 653 |
# |
# |
|a Nguyễn Thị Ngọc Tú
|
| 653 |
# |
# |
|a Nhà văn Việt Nam
|
| 653 |
# |
# |
|a Nhân vật điển hình
|
| 773 |
# |
# |
|t Nghiên cứu gia đình và giới
|g Số 3(13), 1993, tr. 46-48
|
| 920 |
# |
# |
|a Phòng Tạp chí -- Trung tâm Thông tin - Thư viện Trường Đại học Đà Lạt
|
| 994 |
# |
# |
|a DLU
|
| 900 |
# |
# |
|a True
|
| 911 |
# |
# |
|a Đào Thị Thu Huyền
|
| 925 |
# |
# |
|a G
|
| 926 |
# |
# |
|a A
|
| 927 |
# |
# |
|a BB
|
| 980 |
# |
# |
|a Thư viện Trường Đại học Đà Lạt
|